| 000 | 01475nam a22004091a 4500 | ||
|---|---|---|---|
| 001 | 013687109 | ||
| 003 | EG-ScBUE | ||
| 005 | 20211017132307.0 | ||
| 008 | 110420k20132006enka f d 000 0 eng d | ||
| 020 | _a9780194551069 (volume 3) | ||
| 020 | _a9780194551007 (volume 1) | ||
| 020 | _a0194551008 (volume 1) | ||
| 020 | _a9780194551038 (volume 2) | ||
| 040 |
_aStDuBDS _beng _erda _cStDuBDS _dEG-ScBUE |
||
| 082 | 0 | 4 |
_a428.24071 _bWAL _222 |
| 100 | 1 |
_aWalker, Robin, _eauthor. |
|
| 245 | 1 | 0 |
_aTourism, _pStudent's book / _cRobin Walker and Keith Harding. |
| 246 | 3 | 0 | _aStudent's book |
| 250 | _aReprinted edition. | ||
| 264 | 1 |
_aOxford ; _aNew York : _bOxford University Press, _c2013. |
|
| 300 |
_a3 volumes : _billustrations ; _c28 cm. |
||
| 336 |
_atext _2rdacontent _btxt |
||
| 337 |
_aunmediated _2rdamedia _bn |
||
| 338 |
_avolume _2rdacarrier _bnc |
||
| 490 | 0 | _aOxford English for careers | |
| 500 | _aIncludes glossary. | ||
| 505 | 0 | _aVolume 1 -- Volume 2 -- Volume 3. | |
| 650 | 7 |
_aEnglish language _xStudy and teaching (Continuing education) _xForeign speakers. _2BUEsh |
|
| 650 | 7 |
_aEnglish language _xBusiness English _xStudy and teaching (Continuing education) _xForeign speakers. _2BUEsh |
|
| 650 | 7 |
_aTourism _vTerminology. _2BUEsh |
|
| 653 |
_bGGEN _cAugust2021 |
||
| 655 |
_vReading book _934232 |
||
| 700 | 1 |
_aHarding, Keith, _d1956- _eauthor. _932400 |
|
| 942 |
_2ddc _cBB |
||
| 999 |
_c29359 _d29330 |
||